| 000 | 00922pam a2200241 a 4500 | ||
|---|---|---|---|
| 001 | 581151 | ||
| 005 | 20250123111935.0 | ||
| 008 | 900122s1990 nyua b 001 0 eng | ||
| 020 | _a9780393028850 | ||
| 050 | 0 | 0 |
_aRA564.9.H63 _bU53 1990 |
| 082 | 0 | 0 |
_a362.1/0425 _220 |
| 245 | 0 | 0 |
_aUnder the safety net : _bthe health and social welfare of the homeless in the United States / _cthe editors, Philip W. Brickner ... [et al.]. |
| 250 | _a1st ed. | ||
| 260 |
_aNew York : _bNorton, _cc1990. |
||
| 300 |
_axxiii, 439 p. : _bill. ; _c25 cm. |
||
| 500 | _a"A United Hospital Fund book." | ||
| 650 | 0 |
_aHomeless persons _xHealth and hygiene _zUnited States. |
|
| 650 | 0 |
_aHomeless persons _xMedical care _zUnited States. |
|
| 650 | 0 |
_aHomeless persons _zSocial aspects _xUnited States. |
|
| 650 | 0 |
_aHomeless persons _xGovernment policy _zUnited States. |
|
| 700 | 1 |
_aBrickner, Philip W., _d1928-2014. |
|
| 942 |
_2lcc _cBK _e1st ed. _n0 |
||
| 999 |
_c2903 _d2903 |
||